| 000 | 00517nam a22001577a 4500 | ||
|---|---|---|---|
| 003 | OSt | ||
| 005 | 20251204143423.0 | ||
| 008 | 251204b |||||||| |||| 00| 0 eng d | ||
| 040 |
_aDWCL-Main lib _cOC |
||
| 082 | _aFil. 920 D278c 2007 | ||
| 100 | _aDe Manila, Quijano | ||
| 245 |
_aCardinal virtues : _bcollection of stories on Jaime L Cardinal Sin _cDe Manila, Quijano |
||
| 260 |
_aManila : _bBrown Madonna Press, Inc., _cc2007. |
||
| 300 |
_av, 157 pages : _billustration ; _c21 cm. |
||
| 942 |
_2ddc _cBK - FIL _kFil. _n0 |
||
| 999 |
_c6853 _d6853 |
||